000 00620nam a2200181 4500
001 110977
003 ES-MaACL
005 20230906185221.0
007 t|
008 061121s1969 sp r ||||1| spa d
100 1 _aOgilvy-Webb, Marjorie.
_986575
245 1 3 _aEl Gobierno explica
_b: ( los servicios de información en el Estado Británico) /
_cMarjorie Ogilvy-Webb; prólogo de Gabriel Elorriaga; traducción de J.S.O.
260 _aMadrid :
_bEditora Nacional,
_c1969.
300 _a235 p. ;
_c24 cm.
700 1 _aElorriaga, Gabriel.
_947081
700 1 _aJ.S.O.
_965781
852 _aES-MaACL
_jC-37087
_bR.69848
999 _c110977
_d110977